000
00333 a2200145 4500
020
_a
8174460985
082
_a
301.51
090
_c
1348
_d
1348
100
_a
Diwan, Parag
245
_a
Business Environment
260
_a
New Delhi
_b
Apex Graphics
_c
1997
300
_a
269 p.
500
_a
Papercover
942
_a
NBS
_c
BK
_k
301.51 DIW
999
_c
343870
_d
343870